Quiz sulla storia di Roma #1 - Statistics

General Stats
  • This quiz has been taken 48 times
    29 since last reset
  • The average score is 12 of 15
Answer Stats
Hint Answer % Correct
Monumento più famoso di Roma Colosseo
100%
Il conquistatore della Gallia Giulio Cesare
100%
Primo Re di Roma Romolo
100%
I due gemelli allattati dalla lupa Romolo e Remo
100%
L'anno in qui cadde l'Impero Romano Occidentale 476
96%
Quanti sacchi di roma ci furono nella storia? 3
92%
Nemica di Roma nelle guerre puniche Cartagine
92%
Padre degli dei nella mitologia romana (NON GRECA) Giove
92%
Gesù fu ucciso sotto ordine di quest'uomo Ponzio Pilato
85%
Ultimo Re di Roma Tarquinio Il Superbo
69%
Imperatore romano che portò l'impero alla sua massima espansione Traiano
65%
L'anno in cui cadde l'Impero Romano Orientale 1453
58%
Grande generale che sconfisse Annibale nella battaglia di Zama Scipione L'Africano
54%
Famosa frase di Catone il Censore, pronunciata dopo la fine della seconda guerra punica Carthago delenda est
38%
Genserico era il re di questo popolo Vandali
31%
No matching quizzes found
Score Distribution
Percent of People with Each Score
Percentile by Number Answered
Your Score History
You have not taken this quiz since the last reset